Countries of South America by Borders - Statistics

General Stats
  • This quiz has been taken 187 times
  • The average score is 12 of 12
Answers on the Map
Answers color-coded by a green-red scale on the quiz's map according to % correct below.
 
Answer Stats
Country % Correct
Argentina
100%
Bolivia
100%
Brazil
100%
Chile
100%
Paraguay
100%
Uruguay
100%
Colombia
99%
Guyana
99%
Peru
99%
Suriname
99%
Venezuela
99%
Ecuador
96%
No matching quizzes found
Score Distribution
Percent of People with Each Score
Percentile by Number Answered
Your Score History
You have not taken this quiz